logo

Bir Sreshtho Munshi Abdur Rouf Library
Jhenaidah Cadet College

Starting Economics / (Record no. 10800)

MARC details
000 -LEADER
fixed length control field 00528nam a2200217 a 4500
001 - CONTROL NUMBER
JCCL Control Number 10800
003 - CONTROL NUMBER IDENTIFIER
JCCL marc code BD-JhCC
005 - DATE AND TIME OF LATEST TRANSACTION
control field 20190407122130.0
008 - FIXED-LENGTH DATA ELEMENTS--GENERAL INFORMATION
fixed length control field 190407s1467 si a|||| |||| 000 0 eng d
035 ## - SYSTEM CONTROL NUMBER
system control number (BD-JhCC)10800
040 ## - CATALOGING SOURCE
Original cataloging agency BD-JhCC
Modifying agency BD-JhCC
041 ## - LANGUAGE CODE
Language code of Book eng
082 ## - DEWEY DECIMAL CLASSIFICATION NUMBER
Classification number 330
Author mark and Year STA 1999
100 ## - MAIN ENTRY--PERSONAL NAME
Personal name Stanlake, G F
245 ## - TITLE STATEMENT
Title Starting Economics /
Statement of responsibility, etc G F Stanlake
260 ## - PUBLICATION, DISTRIBUTION, ETC. (IMPRINT)
Place of publication, distribution, etc Singapur :
Name of publisher, distributor, etc Longman;
Date of publication, distribution, etc 1999
300 ## - PHYSICAL DESCRIPTION
Pagination 269 p. :
Dimensions 21 cm.
504 ## - BIBLIOGRAPHY, ETC. NOTE
Bibliography, etc Includes index.
650 ## - SUBJECT ADDED ENTRY--TOPICAL TERM
Topical term or geographic name as entry element Economics
942 ## - ADDED ENTRY ELEMENTS (KOHA)
Source of classification or shelving scheme Dewey Decimal Classification
Koha item type Books
Holdings
Source of classification or shelving scheme Damaged status Not for loan Home library Current library Shelving location Date of accession Total Checkouts Full call number Barcode Checked out Date last seen Date checked out Copy number Koha item type
Dewey Decimal Classification     JCC Rouf Library JCC Rouf Library General Stacks 04/07/2019 1 330 STA 1999 14671 08/24/2025 07/20/2025 07/20/2025 C-1 Books

JCC Library | Contacts | JCC Home

Last Update on 23 September 2017
Copyright @ 2017-2020 JCC Rouf Library
Rouf Library, Jhenidah Cadet College (JCC), Bangladesh